Total force : federal Reserves and state National Guards.

Bibliographic Details
Main Author: Heller, Charles E., 1943-
Corporate Author: Army War College (U.S.). Strategic Studies Institute
Format: Government Document Book
Language:English
Published: Carlisle, PA : Strategic Studies Institute, U.S. Army War College, [1994]
Subjects:

MARC

Tag First Indicator Second Indicator Subfields
LEADER 00000cam a2200000 a 4500
001 in00001402737
005 20151020052145.0
008 950208s1994 paua b f000 0 eng d
010 |a gp 97065613  
010 |a  95143363  
035 |a (OCoLC)31907806 
035 |9 AHM2842AM 
040 |a PCarlA  |d GPO  |d DLC  |d MvI  |d UtOrBLW 
042 |a lccopycat 
043 |a n-us--- 
050 0 0 |a UA42  |b .H45 1994 
074 |a 0325 
082 0 0 |a 355.3/7/0973  |2 20 
086 0 |a D 101.2:T 64/3 
100 1 |a Heller, Charles E.,  |d 1943- 
245 1 0 |a Total force :  |b federal Reserves and state National Guards. 
246 3 0 |a Federal Reserves and state National Guards 
264 1 |a Carlisle, PA :  |b Strategic Studies Institute, U.S. Army War College,  |c [1994] 
300 |a ix, 55 pages :  |b illustrations ;  |c 23 cm. 
336 |a text  |b txt  |2 rdacontent 
337 |a unmediated  |b n  |2 rdamedia 
338 |a volume  |b nc  |2 rdacarrier 
500 |a Shipping list number: 97-0272-P. 
500 |a "December 7, 1994." 
504 |a Includes bibliographical references (pages 49-52). 
610 1 0 |a United States.  |b Army  |x Reserves. 
610 1 0 |a United States.  |b National Guard Bureau. 
651 0 |a United States  |x Armed Forces  |x Reserves. 
651 0 |a United States  |x National Guard. 
651 0 |a United States  |x Military policy. 
710 2 |a Army War College (U.S.).  |b Strategic Studies Institute. 
999 |a MARS 
999 f f |s 814e5da7-2ce9-35c6-9b2e-203a326d7292  |i 603acc16-c1bd-3d59-ac41-b26acdda23a4  |t 0 
952 f f |p normal  |a Texas A&M University  |b College Station  |c Sterling C. Evans Library  |d Evans: US Documents (Annex 5th floor)  |t 0  |e D 101.2:T 64/3  |h Superintendent of Documents classification  |i unmediated -- volume  |m A14821676295 
998 f f |a D 101.2:T 64/3  |t 0  |l Evans: US Documents (Annex 5th floor)